[Event "Amposta Balague Memorial 1st"]
[White "Alcover Sancho, Manuel"]
[Black "Albert Magro, Carlos"]
[Site "Amposta"]
[Round "7"]
[Result "0-1"]
[Date "2014.07.27"]
[WhiteElo "1672"]
[BlackElo "2006"]
[PlyCount "72"]
[EventDate "2014.07.24"]
[EventType "swiss"]
[EventRounds "7"]
[EventCountry "ESP"]
[SourceTitle "CBM 161 Extra"]
[Source "ChessBase"]
[SourceDate "2014.08.29"]
[SourceVersion "1"]
[SourceVersionDate "2014.08.29"]
[SourceQuality "1"]

1. e4 c5 2. Nf3 d6 3. d4 cxd4 4. Nxd4 Nf6 5. Nc3 a6 6. f3 e5 7. Nb3 Be6 8. Be3 b5 9. Qd2 Nbd7 10. Bd3 Nb6 11. Bxb6 Qxb6 12. Qf2 Qxf2+ 13. Kxf2 d5 14. exd5 Nxd5 15. Be4 0-0-0 16. Nxd5 Bxd5 17. Bxd5 Rxd5 18. Rad1 Rxd1 19. Rxd1 Be7 20. Ke2 Rd8 21. Rxd8+ Kxd8 22. Kd3 Kc7 23. Ke4 Kd6 24. Nd2 g6 25. g4 Ke6 26. h3 f5+ 27. Kd3 Kd5 28. c4+ bxc4+ 29. Kc3 e4 30. fxe4+ fxe4 31. Nxc4 Bf6+ 32. Kb3 Kd4 33. a4 Be7 34. Nd2 Kd3 35. Nxe4 Kxe4 36. Kc4 a5 0-1

[Event "Tarragona Province-ch 45th"]
[White "Albert Magro, Carlos"]
[Black "Guasch Murtra, Josep Maria"]
[Site "Tarragona"]
[Round "2"]
[Result "1-0"]
[Date "2002.10.13"]
[WhiteElo "2170"]
[BlackElo "2145"]
[PlyCount "61"]
[EventDate "2002.11.02"]
[EventType "swiss"]
[EventRounds "8"]
[EventCountry "ESP"]
[SourceTitle "CBM 091 Extra"]
[Source "ChessBase"]
[SourceDate "2003.01.09"]
[SourceVersion "1"]
[SourceVersionDate "2003.01.09"]
[SourceQuality "1"]

1. e4 e5 2. Nc3 d6 3. g3 Nc6 4. Bg2 Nf6 5. Nge2 Be7 6. 0-0 Bg4 7. h3 Bxe2 8. Nxe2 0-0 9. d4 Nd7 10. f4 Bf6 11. c3 Qe7 12. Be3 Rfe8 13. Qd2 Rad8 14. Kh2 Kh8 15. g4 Qf8 16. g5 exf4 17. Bxf4 Be7 18. Ng3 Qg8 19. Nf5 Nde5 20. Bg3 Nc4 21. Qe2 Nb6 22. h4 Bf8 23. Qg4 g6 24. Ne3 Bg7 25. h5 h6 26. Bh4 Rd7 27. Nd5 gxh5 28. Qxh5 Qh7 29. gxh6 Bxh6 30. Nf6 Bf4+ 31. Rxf4 1-0